Champions League top-scoring Latin Americans (2000s) Quiz Stats

Quiz not verified by Sporcle

Score 0/50 Timer 06:00
0 Plays Today
% Correct
-
100%
-
99.3%
Diego Forlán
90.8%
Diego Forlán
90.8%
Diego Forlán
90.8%
Antonio Valencia
87.9%
Claudio Pizarro
85.8%
Claudio Pizarro
85.8%
David Pizarro
85.8%
Claudio Pizarro
85.8%
David Pizarro
85.8%
David Pizarro
85.8%
Claudio Pizarro
85.8%
Radamel 'Falcão' García
78.9%
Roque Santa Cruz
73%
Erwin Sánchez
70%
Rafael Márquez
67.7%
Jefferson Farfán
57.7%
Cristian Rodríguez
47.9%
Álvaro Recoba
46.2%
Álvaro Recoba
46.2%
Óscar Cardozo
45.8%
Nolberto Solano
45.1%
Walter Pandiani
41.1%
Walter Pandiani
38.9%
% Correct
Walter Pandiani
38.9%
Marcelo Zalayeta
29.4%
Paolo Montero
29.4%
Marcelo Zalayeta
29.4%
Marcelo Zalayeta
29.4%
Juan Manuel Vargas
29.3%
Mark González
28.4%
Paolo Guerrero
28.3%
Paolo Guerrero
28.3%
Maxi Pereira
23.2%
Nelson Valdez
20.7%
Nelson Valdez
20.7%
Diego Alonso
20%
Luis Jiménez
15.9%
Javier Chevantón
15.1%
Pável Pardo
14.2%
Nery Castillo
11%
Nery Castillo
11%
Édison Méndez
10.9%
Guillermo Franco
7.5%
Winston Parks
4.2%
Pablo Contreras
3.5%
Walter Centeno
3.4%
Rodrigo Tello
3.4%
Carlos Bueno
2.9%

You're not logged in!

Compare scores with friends on all Sporcle quizzes.
Join for Free
OR
Log In

You Might Also Like...

Show Comments

Extras

Top Quizzes Today


Score Distribution

Your Account Isn't Verified!

In order to create a playlist on Sporcle, you need to verify the email address you used during registration. Go to your Sporcle Settings to finish the process.

Report this User

Report this user for behavior that violates our Community Guidelines.

Details: